Asas periklanan

Bibliographic Details
Main Authors: Muhammad Sidin Ahmad Ishak (Author), Noorbathi Hj Badaruddin (Author)
Format: Book
Published: Kuala Lumpur Dewan Bahasa dan Pustaka 1993
Subjects:

MARC

LEADER 00000cam a2200000 7i4500
001 0000000387
008 021118s1993
020 |a 9836232141 
090 0 0 |a HF5821  |b .M672 1993 
100 0 |a Muhammad Sidin Ahmad Ishak  |e author 
245 0 0 |a Asas periklanan  |c Mohd Sidin Ahmad Ishak, Noorbathi Haji Badaruddin 
260 2 |a Kuala Lumpur  |b Dewan Bahasa dan Pustaka  |c 1993 
300 |a xi, 170 ms.  |c 25 sm 
650 0 |a Advertising 
650 0 |a Advertising  |z Malaysia 
700 0 |a Noorbathi Hj Badaruddin  |e author 
999 |a 1000013650  |b Book  |c OPEN SHELF (30 DAYS)  |e Gong Badak Campus 
999 |a 1000013651  |b Book  |c OPEN SHELF (30 DAYS)  |e Gong Badak Campus